| 000 -LEADER | |
|---|---|
| fixed length control field | 00452nam a22001817a 4500 |
| 005 - DATE AND TIME OF LATEST TRANSACTION | |
| control field | 20180208125525.0 |
| 008 - FIXED-LENGTH DATA ELEMENTS--GENERAL INFORMATION | |
| fixed length control field | 160905b xxu||||| |||| 00| 0 eng d |
| 020 ## - INTERNATIONAL STANDARD BOOK NUMBER | |
| ISBN | 978-81-315-1883-0 |
| 041 ## - LANGUAGE CODE | |
| Language code of text/sound track or separate title | eng |
| 082 ## - DEWEY DECIMAL CLASSIFICATION NUMBER | |
| Classification number | 005.42 |
| Item number | 21033 |
| 100 ## - MAIN ENTRY--AUTHOR NAME | |
| Personal name | SONKA,MILAN AND OTHERS |
| 245 ## - TITLE STATEMENT | |
| Title | IMAGE PROCESSING,ANALYSIS AND MACHINE VISION |
| 250 ## - EDITION STATEMENT | |
| Edition statement | 3rd |
| 260 ## - PUBLICATION, DISTRIBUTION, ETC. (IMPRINT) | |
| Name of publisher | CENGAGE |
| 300 ## - PHYSICAL DESCRIPTION | |
| Number of Pages | 810 |
| 650 ## - SUBJECT ADDED ENTRY--TOPICAL TERM | |
| Topical Term | INFORMATION TECHNOLOGY |
| 942 ## - ADDED ENTRY ELEMENTS (KOHA) | |
| Koha item type | Books |
| Lost status | Damaged status | Collection code | Home library | Current library | Shelving location | Date acquired | Source of acquisition | Cost, normal purchase price | Full call number | Accession Number | Copy number | Koha item type |
|---|---|---|---|---|---|---|---|---|---|---|---|---|
| Reference | JRU Library | SHELF-30-A | 05/09/2016 | PURCHASE | 675.00 | 006.42 | 21033 | 3 | Books | |||
| CS/IT | JRU Library | SHELF-52-D | 17/10/2023 | PURCHASE | 675.00 | 006.42 | 21034 | 3 | Books | |||
| CS/IT | JRU Library | SHELF-52-D | 05/09/2016 | PURCHASE | 675.00 | 006.42 | 21035 | 3 | Books |